1329 1040 1012 1511 1127 1641 1964 1622 1716 1014 1301 1207 1066 1638 1306 1956 1068 1707 1032 1188 1041 1733 1908 1516 1627 1593 1480 1735 1197 1262 1463 1139 1213 1612 1063 1405 1630 1109 1492 1160 1156 1048 1555 1182 1155 1256 1662 1149 1241 1120 1562 1408 1665 1729 1144 1276 1644 1938 1108 1951 1565 1883 1602 1102 1793 1146 1749 1547 1073 1571 1164 1519 1172 1006 1577 1545 1164 1368 1459 1609 1693 1607 1311 1856 1428 1603 1273 1401 1579 1727 1365 1297 1699 1295 1136 1409 1661 1271 1168 BCNSPRNW ULIB Ver.6.0+V

เปลี่ยนเป็นภาษาไทย

Change to English
 แสดงรายละเอียดบรรณานุกรม
  กลับหน้าหลัก

Brief Record : Get Marc (ISO 2709) : E-mail record : QR code < ปิดหน้าต่าง
LEADER : 00000nam 2200000uu 4500
001    13399115282
003     ULIB
008    120809s2554||||th 000 0 tha d
020    ^a9786161500184
060 04 ^aWO100^bส733ต
100 0  สุทธิพร จิตต์มิตรภาพ
245 00 ^aตำราศัลยศาสตร์ /^cสุทธิพร จิตต์มิตรภาพ, พัฒน์พงศ์ นาวีเจริญ, บรรณาธิการ
250    ^aพิมพ์ครั้งที่ 12 (ฉบับปรับปรุงใหม่)
260    ^aกรุงเทพฯ :^bคณะแพทยศาสตร์ จุฬาลงกรณ์มหาวิทยาลัย,^c2554
300    ^a1180 หน้า :^bภาพประกอบ ;^c26 ซม.
650  7 ^aศัลยศาสตร์
650  7 ^aศัลยศาสตร์^xตำราเรียน
700 0  ^aสุทธิพร จิตต์มิตรภาพ,^eบรรณาธิการ
700 0  ^aพัฒน์พงศ์ นาวีเจริญ,^eบรรณาธิการ
710 2  ^aจุฬาลงกรณ์มหาวิทยาลัย. ^bคณะแพทยศาสตร์
945    ^p800^l0^i19196
945    ^p800^l0^i21399
945    ^p800^l0^i21400
995    ^aทศพร
999 ^a ใช้งานได้ทุกระบบ
รายการนี้ยังไม่มีแท็ก
คุณยังไม่ได้ล็อกอิน คุณสามารถมีกิจกรรมร่วมกับเว็บไซต์ได้ แต่ต้องล็อกอินก่อน ::
  ล็อกอิน

รายการสื่อสารสนเทศ

ลำดับที่ ประเภท เลขเรียก/บาร์โค้ด สถานที่ สถานะ
1. วิทยาศาสตร์การแพทย์ และสุขภาพ
วิทยาศาสตร์การแพทย์ และสุขภาพ
สถานะ=หนังสือเก่า
WO100 ส733ต  
  Barcode: 19196
ห้องสมุดวิทยาเขตนครสวรรค์
►ส่วนจัดเก็บหนังสือเก่า นว.
บนชั้น
  ขอยืม
2. วิทยาศาสตร์การแพทย์ และสุขภาพ
วิทยาศาสตร์การแพทย์ และสุขภาพ
สถานะ=หนังสือเก่า
WO100 ส733ต ฉ.2 
  Barcode: 21399
ห้องสมุดวิทยาเขตนครสวรรค์
►ส่วนจัดเก็บหนังสือเก่า นว.
บนชั้น
  ขอยืม
3. วิทยาศาสตร์การแพทย์ และสุขภาพ
วิทยาศาสตร์การแพทย์ และสุขภาพ
สถานะ=หนังสือเก่า
WO100 ส733ต ฉ.3 
  Barcode: 21400
ห้องสมุดวิทยาเขตนครสวรรค์
►ส่วนจัดเก็บหนังสือเก่า นว.
บนชั้น
  ขอยืม

รายการใกล้เคียง
    ผู้แต่ง [สุทธิพร จิตต์มิตรภาพ]

    หัวเรื่อง [ศัลยศาสตร์]

BibComment


ยังไม่เคยถูกคอมเมนท์

คอมเมนท์ทรัพยากรรายการนี้
  คอมเมนท์: ตำราศัลยศาสตร์ ..


 Copyright 2026. Bcnsprnw @Library